000
00342nam a2200133Ia 4500
008
151213s9999 xx 000 0 und d
020
_a
984-70215-0024-6
245
_a
The Bangladesh Labour Code, 2006 and Other Related Law
260
_a
Dhaka
_b
Shams Pulications
_c
2007
300
_a
5947 p.
650
_a
Law
650
_a
Law
999
_c
3432
_d
3432